Quelle pâte pour ces pâtisseries - Statistiques

Statistiques générales
  • Ce quiz a été pris 91 fois
  • Le résultat moyen est 9 sur 10
Statistiques - réponses
Pâtisserie Réponse % Correct
Chausson aux pommes Pâte feuilletée
93%
Croissant Pâte feuilletée
93%
Pain au chocolat Pâte feuilletée
93%
Tarte citron meringuée Pâte brisée
91%
Tarte au pommes Pâte brisée
91%
Profiterolle Pâte à choux
87%
Religieuse Pâte à choux
87%
Eclair Pâte à choux
87%
Chouquette Pâte à choux
87%
Millionnaire bites Pâte sablée
63%
Aucun quiz correspondant
Distribution des résultats
% des personnes avec chaque résultat
Percentile par nombre de réponses
Votre historique - résultats
Vous n’avez pas pris ce quiz